00690nam a2200205 a 4500001001000000005001700010008004100027041000800068044000800076050002100084100003300105245014800138260002600286300005600312500003500368500000900403650002400412650002300436650002500459BRCA_364320190320204350.0270809s1957----enka---###---#000-0#eng-# aeng aenk 4aND621b.B47 19571 aBerenson, Bernardd1865-195910aItalian pictures of the Renaissanceba list of the principal artist and their works with an index of places : Venetian ShoolcBernard Berenson. aLondonbPhaidonc1957 a2 v.bil., 1333 láminas (algunas a color)c28 cm. aIncluye índice topográfico aB31314aPinturas venecianas14aPintores italianos14aPintura renacentista